000 00632nam a2200217 a 4500
001 BRCA_5756
005 20190320205213.0
008 070311s1935----cc-a######---#001-0#eng-#
041 _aeng
044 _acc
050 4 _aDS701
_b.C73
_c1935
100 1 _aW. Wood, H. G.
_914603
245 1 0 _aThe China Year Book 1935.
260 _aShangai
_bThe North-China Daily News
_c1935
300 _a647 p.
_bils., maps., tablas, diagramas.
_c25 cm.
500 _aTabla con listado de iglésias y ordenes religiosas; apéndices; índices generales.
500 _aH71
650 1 4 _aChina
_y1935
_914604
902 _aGFM
942 _2lcc
_cB
999 _c5446
_d5446